000 00495nam a2200205Ia 4500
003 OSt
005 20230403101914.0
008 210423s2006 xx 000 0 und d
020 _a324289235
040 _cAL
041 _aeng
082 _a658.159 LEAJ
_223
100 _aLEACH (J Chris).
_982196
245 _aEntrepreneurial finance.
260 _aAustralia
_bThomson
_c2006
300 _axiv,629
_bPB
365 _b595
_cINR
906 _aEntrepreneurial ; finance.
942 _2ddc
_cBK
999 _c158546
_d158546